Flags With Three Stripes on Them - Statistics

General Stats
  • This quiz has been taken 53 times
  • The average score is 60 of 76
Answer Stats
Picture Answer % Correct
Nigeria
97%
Canada
94%
France
94%
Germany
94%
Romania
94%
Spain
94%
Croatia
91%
Egypt
91%
Hungary
91%
Iran
91%
Russia
91%
Venezuela
91%
Afghanistan
89%
Andorra
89%
Ecuador
89%
Estonia
89%
Iraq
89%
Laos
89%
Latvia
89%
Cambodia
86%
Ethiopia
86%
Guatemala
86%
Malawi
86%
Netherlands
86%
Nicaragua
86%
Serbia
86%
Armenia
83%
Bahamas
83%
Ireland
83%
Lesotho
83%
Paraguay
83%
Senegal
83%
Yemen
83%
Belize
80%
Chad
80%
Colombia
80%
Italy
80%
Ivory Coast
80%
Mongolia
80%
Azerbaijan
77%
Madagascar
77%
Sierra Leone
77%
Zambia
77%
Argentina
74%
Belgium
74%
Lithuania
74%
Luxembourg
74%
Moldova
74%
Austria
71%
Bolivia
71%
Bulgaria
71%
Ghana
71%
India
71%
Mexico
71%
Slovakia
71%
Slovenia
71%
Tajikistan
71%
Benin
69%
Honduras
69%
Libya
69%
Myanmar
69%
Nauru
69%
Peru
69%
Syria
69%
Barbados
66%
El Salvador
66%
Guinea Bissau
66%
Mali
66%
Niger
66%
Saint Vincent & the Grenadines
66%
Mauritania
63%
Rwanda
63%
Cameroon
60%
Gabon
60%
Guinea
57%
Sao Tome & Principe
57%
No matching quizzes found
Score Distribution
Percent of People with Each Score
Percentile by Number Answered
Your Score History
You have not taken this quiz